Statistics for Rainbow Six Siege Quiz 1

Click here to take the quiz!

General Stats

  • This quiz has been taken 1,481 times
  • The average score is 6 of 22

Answer Stats

HintAnswer% Correct
Name one of the shield operators.Montagne, Blitz, Fuze
99%
How many Black Eyes does Valkyrie have?3
50%
How many exothermic charges can Thermite have?2
49%
How many bonus points is a head shot worth?20
40%
JTF2 is from what country?Canada
36%
The C8-SFW can be used by what operator?Buck
32%
Which assault rifle has the fastest fire rate?F2
31%
The Club House is in what country?Germany
31%
What assault rifle can Mute use?MP5K
31%
Who can use the OTs-03?Glaz
30%
Doc was born in what city in France?Paris
30%
What is Hibana's gadget called?X-KAIROS
27%
What color is IQ's sneakers?Purple
23%
What is the name of the terrorist group in Terrorist Hunt?White Masks
19%
What is the Bearing-9's rate of fire?1100
18%
What is it called when you kill someone that is rappelling?Clay Pigeon
17%
What state is Pulse from?North Carolina
17%
What is the name of Thermite's assault rifle?556xi
15%
House is in what state?California
15%
What is the longest amount of time for one booster?90 days
13%
Which submachine gun has the fastest fire rate?P90
9%
In what decade was the Spetsnaz created?70's
5%

Score Distribution

Percentile by Number Answered

Percent of People with Each Score

Your Score History

You have not taken this quiz